<?xml version="1.0" encoding="UTF-8"?>
<record
    xmlns:xsi="http://www.w3.org/2001/XMLSchema-instance"
    xsi:schemaLocation="http://www.loc.gov/MARC21/slim http://www.loc.gov/standards/marcxml/schema/MARC21slim.xsd"
    xmlns="http://www.loc.gov/MARC21/slim">

  <leader>02322njm a2200409Ia 4500</leader>
  <controlfield tag="001">95840</controlfield>
  <controlfield tag="003">IT-RoPAU</controlfield>
  <controlfield tag="005">20220918181110.0</controlfield>
  <controlfield tag="008">131025s9999    xx            000 0 und d</controlfield>
  <datafield tag="040" ind1=" " ind2=" ">
    <subfield code="a">IT-RoPAU</subfield>
  </datafield>
  <datafield tag="040" ind1=" " ind2=" ">
    <subfield code="c">IT-RoPAU</subfield>
  </datafield>
  <datafield tag="041" ind1=" " ind2=" ">
    <subfield code="a">ITALIANO</subfield>
  </datafield>
  <datafield tag="999" ind1=" " ind2=" ">
    <subfield code="c">98895</subfield>
    <subfield code="d">98895</subfield>
  </datafield>
  <datafield tag="999" ind1=" " ind2=" ">
    <subfield code="b">n.d.</subfield>
  </datafield>
  <datafield tag="100" ind1=" " ind2=" ">
    <subfield code="a">AA.VV.</subfield>
    <subfield code="9">794</subfield>
  </datafield>
  <datafield tag="100" ind1=" " ind2=" ">
    <subfield code="e">Autore musica</subfield>
    <subfield code="9">27444</subfield>
  </datafield>
  <datafield tag="100" ind1=" " ind2=" ">
    <subfield code="g">Codice autore musica SPICS: 12000</subfield>
    <subfield code="9">796</subfield>
  </datafield>
  <datafield tag="245" ind1=" " ind2=" ">
    <subfield code="a">Geg&#xE8; Telesforo</subfield>
  </datafield>
  <datafield tag="250" ind1=" " ind2=" ">
    <subfield code="a">1a ed.</subfield>
  </datafield>
  <datafield tag="260" ind1=" " ind2=" ">
    <subfield code="a">ITALY</subfield>
  </datafield>
  <datafield tag="260" ind1=" " ind2=" ">
    <subfield code="b">GALA RECORDS</subfield>
    <subfield code="c">1991 [1a Ed.:1991 - Ed. Lingua Orig.: 1991]</subfield>
  </datafield>
  <datafield tag="300" ind1=" " ind2=" ">
    <subfield code="a">COMPACT DISC</subfield>
  </datafield>
  <datafield tag="500" ind1=" " ind2=" ">
    <subfield code="a">Musica leggera. Canzone italiana</subfield>
  </datafield>
  <datafield tag="505" ind1=" " ind2=" ">
    <subfield code="a">Cu cu? &#x2026;ba! - Maschi - Cos&#xEC; solare - Mister Doc (Day By Day) - Metto il naso - Una "strana storia" - Desire of Love - Il senno di poi - Lady Is A Tramp - Metto il naso (La mosca)</subfield>
  </datafield>
  <datafield tag="650" ind1=" " ind2=" ">
    <subfield code="a">MUSICA LEGGERA [COMPACT DISC]</subfield>
    <subfield code="e">Codice MATERIA SPICS: 9949</subfield>
    <subfield code="9">27445</subfield>
  </datafield>
  <datafield tag="700" ind1=" " ind2=" ">
    <subfield code="a">Telesforo Geg&#xE8;</subfield>
    <subfield code="g">Codice interprete SPICS: 33412</subfield>
    <subfield code="e">Interprete</subfield>
    <subfield code="9">27446</subfield>
  </datafield>
  <datafield tag="700" ind1=" " ind2=" ">
    <subfield code="a">Bottini Max</subfield>
    <subfield code="g">Codice autore musica SPICS: 33413</subfield>
    <subfield code="e">Autore musica</subfield>
    <subfield code="p">Cu cu? &#x2026;ba! - Maschi - Cos&#xEC; solare - Metto il naso - Desire of Love - Metto il naso (La mosca)</subfield>
    <subfield code="9">27447</subfield>
  </datafield>
  <datafield tag="700" ind1=" " ind2=" ">
    <subfield code="a">Telesforo Geg&#xE8;</subfield>
    <subfield code="g">Codice autore testo/musica SPICS: 33412</subfield>
    <subfield code="e">Autore testo/musica</subfield>
    <subfield code="p">Cu cu? &#x2026;ba! - Maschi - Metto il naso - Desire of Love - Il senno di poi - Metto il naso (La mosca)</subfield>
    <subfield code="9">27448</subfield>
  </datafield>
  <datafield tag="700" ind1=" " ind2=" ">
    <subfield code="a">Grandi</subfield>
    <subfield code="g">Codice autore musica SPICS: 33414</subfield>
    <subfield code="e">Autore musica</subfield>
    <subfield code="p">Maschi - Cos&#xEC; solare - Metto il naso - Una "strana storia" - Il senno di poi</subfield>
    <subfield code="9">27449</subfield>
  </datafield>
  <datafield tag="700" ind1=" " ind2=" ">
    <subfield code="a">Cammariere</subfield>
    <subfield code="g">Codice autore testo/musica SPICS: 33415</subfield>
    <subfield code="e">Autore testo/musica</subfield>
    <subfield code="p">Cos&#xEC; solare</subfield>
    <subfield code="9">27450</subfield>
  </datafield>
  <datafield tag="700" ind1=" " ind2=" ">
    <subfield code="a">Mattone Claudio</subfield>
    <subfield code="g">Codice autore musica SPICS: 23582</subfield>
    <subfield code="e">Autore musica</subfield>
    <subfield code="p">Mister Doc (Day By Day)</subfield>
    <subfield code="9">27451</subfield>
  </datafield>
  <datafield tag="700" ind1=" " ind2=" ">
    <subfield code="a">Arbore Renzo</subfield>
    <subfield code="g">Codice autore testo/musica SPICS: 10049</subfield>
    <subfield code="e">Autore testo/musica</subfield>
    <subfield code="p">Mister Doc (Day By Day)</subfield>
    <subfield code="9">27452</subfield>
  </datafield>
  <datafield tag="700" ind1=" " ind2=" ">
    <subfield code="a">Ferrarin</subfield>
    <subfield code="g">Codice autore testo/musica SPICS: 33416</subfield>
    <subfield code="e">Autore testo/musica</subfield>
    <subfield code="p">Una "strana storia"</subfield>
    <subfield code="9">27453</subfield>
  </datafield>
  <datafield tag="700" ind1=" " ind2=" ">
    <subfield code="a">Cannon</subfield>
    <subfield code="g">Codice autore musica SPICS: 33417</subfield>
    <subfield code="e">Autore musica</subfield>
    <subfield code="p">Desire of Love</subfield>
    <subfield code="9">27454</subfield>
  </datafield>
  <datafield tag="700" ind1=" " ind2=" ">
    <subfield code="a">Hart Lorenz</subfield>
    <subfield code="g">Codice autore musica SPICS: 10738</subfield>
    <subfield code="e">Autore musica</subfield>
    <subfield code="p">Lady Is A Tramp</subfield>
    <subfield code="9">27455</subfield>
  </datafield>
  <datafield tag="700" ind1=" " ind2=" ">
    <subfield code="a">Rogers</subfield>
    <subfield code="g">Codice autore testo/musica SPICS: 20495</subfield>
    <subfield code="e">Autore testo/musica</subfield>
    <subfield code="p">Lady Is A Tramp</subfield>
    <subfield code="9">27456</subfield>
  </datafield>
  <datafield tag="942" ind1=" " ind2=" ">
    <subfield code="c">CD</subfield>
    <subfield code="2">ddc</subfield>
  </datafield>
  <datafield tag="952" ind1=" " ind2=" ">
    <subfield code="0">0</subfield>
    <subfield code="1">0</subfield>
    <subfield code="4">0</subfield>
    <subfield code="6">95840_000000000000000</subfield>
    <subfield code="7">1</subfield>
    <subfield code="a">SPICS</subfield>
    <subfield code="b">SPICS</subfield>
    <subfield code="d">2013-10-25</subfield>
    <subfield code="l">0</subfield>
    <subfield code="o">95840</subfield>
    <subfield code="r">2013-10-25 00:00:00</subfield>
    <subfield code="w">2013-10-25</subfield>
    <subfield code="y">CD</subfield>
    <subfield code="z">Progr. Ins.: 22156 / N.Vol.: 1 / Copie: 1 - Copia rara: n.d. / date import: 01.01.2014 - By Epidotti, Trombetti, Vaglietti</subfield>
  </datafield>
</record>
